01871nam a22003137a 4500003000400000005001700004008004100021040001200062082002500074100004400099245011500143250001100258260006400269300003900333504004200372650006500414650002700479942001300506999001800519952011200537952011200649952011200761952011400873952011400987952011401101952011401215952011401329952011401443OSt20150408114112.0130129s2007 jo ||||f b 00| 0 ara d aMUbara04221a740.71bع م ط1 aالعتوم، منذر سامح92010010aطرق تدريس التربية الفنية ومناهجها /cتأليف منذر سامح العتوم. aط. 1. aعمان، الأردن :bدار المناهج،c2007. a281 ص. :bجداول ؛c24 سم. aببليوجرافية : ص. 277-281. 4aالتربية الفنيةxدراسة وتعليم.920101 4aطرق التدريس. 2ddccDVD c27212d261712 1022013-03-104070a740.71 ع م طcن 1d2013-01-29hCLi00107514mCLr2013-03-10 00:00:00tBOOKwddcy0 1022013-03-104070a740.71 ع م طcن 2d2013-01-29hCLi00107513mCLr2013-03-10 00:00:00tBOOKwddcy0 1022013-03-104070a740.71 ع م طcن 3d2013-01-29hCLi00107512mCLr2013-03-10 00:00:00tBOOKwddcy0 1022013-03-104070a740.71 ع م طcن 1d2013-01-29hSZMi00107511mSZMr2013-03-10 00:00:00tBOOKwddcy0 1022013-03-104070a740.71 ع م طcن 2d2013-01-29hSZMi00107510mSZMr2013-03-10 00:00:00tBOOKwddcy0 1022013-03-104070a740.71 ع م طcن 1d2013-01-29hSRFi00107509mSRFr2013-03-10 00:00:00tBOOKwddcy0 1022013-03-104070a740.71 ع م طcن 2d2013-01-29hSRFi00107508mSRFr2013-03-10 00:00:00tBOOKwddcy0 1022013-03-104070a740.71 ع م طcن 1d2013-01-29hSRMi00107507mSRMr2013-03-10 00:00:00tBOOKwddcy0 1022013-03-104070a740.71 ع م طcن 2d2013-01-29hSRMi00107506mSRMr2013-03-10 00:00:00tBOOKwddcy0